Deposit insurance <a> survey of actual and best practices

Salvato in:
Dettagli Bibliografici
Autore principale: Garcia, Gillian G.H
Natura: Libro
Lingua:inglese
Pubblicazione: Washington International Monetary Fund 1999
Serie:IMF working paper WP/99/54
Soggetti:
Tags: Aggiungi Tag
Nessun Tag, puoi essere il primo ad aggiungerne!!

MARC

LEADER 00000nam a2200000 4500
001 c116315
005 20221221082004.1
041 0 |a eng 
044 |a US 
245 1 0 |a Deposit insurance  |b <a> survey of actual and best practices  |c Prepared by Gillian G.H. Garcia 
264 1 |a Washington  |b International Monetary Fund  |c 1999 
300 |a 49 s. 
490 1 |a IMF working paper  |v WP/99/54 
830 0 |a IMF working paper  |v WP/99/54 
610 2 0 |a vklady 
610 2 0 |a poistenie 
610 2 0 |a poisťovníctvo 
610 2 0 |a riziko poistné 
100 1 |a Garcia, Gillian G.H.